Planning your wedding (Record no. 406252)
[ view plain ]
| 000 -LEADER | |
|---|---|
| fixed length control field | 00261nam a2200097Ia 4500 |
| 082 ## - DEWEY DECIMAL CLASSIFICATION NUMBER | |
| Classification number | 392.5 WILL |
| 008 - FIXED-LENGTH DATA ELEMENTS--GENERAL INFORMATION | |
| fixed length control field | 210817s9999 xx 000 0 und d |
| 100 ## - MAIN ENTRY--PERSONAL NAME | |
| Personal name | WILLIAMS, Christine London, 2003 |
| 9 (RLIN) | 96575 |
| 245 #0 - TITLE STATEMENT | |
| Title | Planning your wedding |
| 942 ## - ADDED ENTRY ELEMENTS | |
| item type | Books |
No items available.